Champions League Clubs With Lowest Losing % - Statistics

General Stats
  • This quiz has been taken 121 times
    96 since last reset
  • The average score is 22 of 30
Answer Stats
L% GP W D L Club % Correct
21,5 279 165 54 60 Real Madrid
99%
21,5 260 150 54 56 Bayern Munich
98%
17,4 265 156 63 46 FC Barcelona
98%
27,8 90 49 16 25 Manchester City
98%
23,0 230 121 56 53 Manchester United
97%
21,5 177 89 50 38 Chelsea
96%
29,3 123 55 32 36 Inter Milan
96%
29,9 177 83 41 53 Arsenal
94%
31,8 132 61 29 42 Borussia Dortmund
93%
35,6 45 20 9 16 Tottenham Hotspur
93%
25,5 165 74 49 42 AC Milan
92%
25,0 132 65 34 33 Liverpool
91%
24,2 207 104 53 50 Juventus
90%
27,3 121 66 22 33 Paris Saint-Germain
88%
22,8 101 48 30 23 Atlético Madrid
84%
33,3 126 50 34 42 AFC Ajax
81%
32,8 198 86 47 65 FC Porto
80%
30,9 136 58 36 42 Olympique Lyonnais
77%
31,0 42 18 11 13 SSC Napoli
77%
29,2 48 23 11 14 Sevilla
73%
28,6 112 48 32 32 Valencia
72%
34,6 52 19 15 18 SS Lazio
54%
35,7 28 6 12 10 Villarreal
52%
26,9 26 11 8 7 ACF Fiorentina
50%
32,4 34 15 8 11 FC Girondins de Bordeaux
40%
34,5 58 23 15 20 Deportivo La Coruña
33%
31,3 16 6 5 5 Leeds United
27%
31,8 22 7 8 7 FC Nantes
16%
33,3 12 4 4 4 RC Lens
11%
33,3 12 2 6 4 Rubin Kazan
3%
No matching quizzes found
Score Distribution
Percent of People with Each Score
Percentile by Number Answered
Your Score History
You have not taken this quiz since the last reset